000 00736nam a2200193Ia 4500
008 090124s9999 xx 000 0 und d
082 _b21967
_a2170
100 _aपंडित बाळ ज.
245 _a सनी डेज एक आत्मचरित्र सुनील गावसकर
250 _a1
260 _c1977
300 _a272
600 _aपंडित बाळ ज.
630 _a सनी डेज एक आत्मचरित्र सुनील गावसकर
700 _aपंडित बाळ ज.
700 _aपंडित बाळ ज.
730 _a सनी डेज एक आत्मचरित्र सुनील गावसकर
942 _cBOOK
999 _c135614
_d135614